LEADER 01016nam a2200241 u 4500 001 000000108557 003 CaOOAMICUS 005 20071130104912.0 008 071130s1967 it u000 u ita u 040 $aPUL$bita$dBc 100 1 $aSatta, Salvatore,$d1902-1975.$0(OLS)http://pul/name/29640 245 10$aDiritto processuale civile /$cSalvatore Satta. 250 $a7. ed. integralmente rifatta. 260 $aPadova :$bCEDAM,$c1967. 300 $axxiv, 718 p. ;$c23 cm. 490 1 $aManuali di scienze giuridiche 650 4$aDiritto processuale civile$zItalia$vManuali, trattati, ecc.$0(OLS)http://pul/subject/26460 830 0$aManuali di scienze giuridiche.$0(OLS)http://pul/title/15690 850 $aPUL 852 $aPUL$W1$xSL Diritto e Scienze Sociali 1$y4$m177 C 4$j123721$qStampati$B122653$CPULBib$Z2$F122653 $H30235 $82 941 1 $a8 996 $6245$aDiritto processuale civile$9(OLS)http://pul/title/54747 996 $6260$aPadova :$bCEDAM$9(OLS)http://pul/publisher/48126 LEADER 01291nam a2200301 u 4500 001 000000081222 003 CaOOAMICUS 005 20070226123731.0 008 050316s1970 enk u000 u eng u 035 $a11034674 040 $aDAI(R)$bita 100 0 $aAristoteles,$d384-322 a.C.$0(OLS)http://pul/name/792 240 10$aPhysica$9(Aristotle).$lInglese$0I-II.$0(OLS)http://pul/title/106250 245 10$aAristotle's Physics :$bbooks I and II /$ctranslated with introduction and notes by W. Charlton. 260 $aOxford :$bClarendon press,$c1970. 300 $axvii, 151 p. ;$c21 cm 490 1 $aClarendon Aristotle series 700 1 $aCharlton, W.$0(OLS)http://pul/name/54156 740 0 $aAristotle's Physics. 830 0$aClarendon Aristotle series.$0(OLS)http://pul/title/106238 850 $aPUL 852 $aPUL$W1$xDP1 Fondo Seidl$y56$m4 A 31$j18619$nBK-PRI$b $qFondi$B103651$CPULBib$Z2$F103651 $H $81 900 $aAristotle,$d 384-322 a.C.$9792 900 $aAristotele,$d384-322 a.C.$9792 941 1 $a1 996 $6245$aAristotle's Physics :$bbooks I and II$9(OLS)http://pul/title/106251 996 $6740$aAristotle's Physics$9(OLS)http://pul/title/1828 996 $6260$aOxford :$bClarendon press$9(OLS)http://pul/publisher/48614